000 00586nam a2200193Ia 4500
003 OSt
005 20250224150916.0
008 210210b2002 xxu||||| |||| 00| 0 eng d
040 _cAL
082 _aK894.9 AMAS
100 _aAMARESHA NUGADONI. Ed.
_dಅಮರೇಶ ನುಗಡೋಣಿ
_9202272
245 _aShunyasampadanegalu.
_bಶೂನ್ಯಸಂಪಾದನೆಗಳು
260 _aHampi
_bPrasaranga Kannada Vishvavidyalaya
_c2002
300 _a184
650 _aShunyasampadane
_9202273
690 _aKannada Criticism
_9202274
906 _aSG04724
942 _2ddc
_cBK
999 _c115533
_d115533